Hraničiarov učeň. Obliehanie Macindawu /
Další kniha z fantasy série o hraničářském učni a jeho přátelích. Rozpad severního léna dělá Willovi těžkou hlavu.
Uloženo v:
| Série: | Hraničiarov učeň,
část 7 |
|---|---|
| Hlavní autor: | |
| Další autoři: | |
| Médium: | E-kniha |
| Jazyk: | Slovak |
| Vydáno: |
V Prahe :
Egmont,
2019
|
| Vydání: | Prvé vydanie |
| Témata: | |
| Příbuzné jednotky: | Z cyklu::
Hraničiarov učeň |
| Tagy: |
Žádné tagy |
| LEADER | 02600cam a2200553 i 4500 | ||
|---|---|---|---|
| 001 | 311074 | ||
| 003 | CZ PrSKC | ||
| 005 | 20260601215659.0 | ||
| 007 | ta | ||
| 008 | 190905s2019 xr c 000 f slo | ||
| 015 | |a cnb003131648 | ||
| 020 | |a 9788025245729 |q (vázáno) | ||
| 035 | |a (OCoLC)1127279738 | ||
| 040 | |a ABG001 |b cze |e rda | ||
| 041 | 1 | |a slo |h eng | |
| 072 | 7 | |a 821.111-3 |x Anglická próza, anglicky psaná |2 Konspekt | |
| 072 | 7 | |a 821-93 |x Literatura pro děti a mládež (beletrie) |2 Konspekt | |
| 080 | |a 821.111(94)-31 |2 MRF | ||
| 080 | |a 821-93 |2 MRF | ||
| 080 | |a (0:82-312.9) |2 MRF | ||
| 100 | 1 | |a Flanagan, John |q (John Anthony), |d 1944-2026 |7 xx0081982 |4 aut | |
| 240 | 1 | 0 | |a Siege of Macindaw. |l Slovensky |
| 245 | 1 | 0 | |a Hraničiarov učeň. |p Obliehanie Macindawu / |c John Flanagan ; preložila Dana Nová |
| 246 | 3 | |a Hraničiarov učeň 7 | |
| 246 | 3 | 0 | |a Obliehanie Macindawu |
| 250 | |a Prvé vydanie | ||
| 264 | 1 | |a V Prahe : |b Egmont, |c 2019 | |
| 300 | |a 309 stran ; |c 21 cm | ||
| 336 | |a text |b txt |2 rdacontent | ||
| 337 | |a bez média |b n |2 rdamedia | ||
| 338 | |a svazek |b nc |2 rdacarrier | ||
| 500 | |a Přeloženo z angličtiny | ||
| 500 | |a Na hřbetu označení: kniha 7 | ||
| 520 | 2 | |a Další kniha z fantasy série o hraničářském učni a jeho přátelích. Rozpad severního léna dělá Willovi těžkou hlavu. |b Zbývá jen málo času, aby Will sehnal bojovníky, kteří by dobyli zpět hrad Macindaw a osvobodili Alyss ze zajetí Kerena a jeho bandy zločinců. Celá situace se ještě zhorší, když se u hranic araluenského království začnou šikovat kmeny divokých Skotiů. | |
| 521 | 8 | |a Pro čtenáře od 10 let | |
| 655 | 7 | |a australské romány |7 fd131842 |2 czenas | |
| 655 | 7 | |a fantasy romány |7 fd184199 |2 czenas | |
| 655 | 7 | |a publikace pro mládež |7 fd133157 |2 czenas | |
| 655 | 9 | |a Australian fiction |2 eczenas | |
| 655 | 9 | |a fantasy novels |2 eczenas | |
| 655 | 9 | |a juvenile literature |2 eczenas | |
| 700 | 1 | |a Nová, Dana |7 ola20191030744 |4 trl | |
| 787 | 0 | 8 | |i Z cyklu: |t Hraničiarov učeň |g 7 |
| 900 | |a ABA001 |b 20 | ||
| 928 | 9 | |a Albatros Media - Egmont | |
| 044 | |a xr | ||
| 910 | |a RBIT002 | ||
| 998 | |d 185968 |a https://core.palmknihy.cz/api/books/185968/cover?putlcr |b https://core.palmknihy.cz/api/books/185968/cover/400?putlcr |c https://core.palmknihy.cz/api/books/185968/cover/50?putlcr |e 2028-09-17 |g 312 |i 9788025245729 |j https://core.palmknihy.cz/api/books/185968/preview.epub |k https://core.palmknihy.cz/api/books/185968/preview.pdf |l |q 49 |r 1 |s https://www.palmknihy.cz/kniha/185968 |t ebook |y 2019 |z 0 |v Hraničiarov učeň |w 7 | ||
| 999 | |d 311072 | ||